Nghiệp vụ hối đoái và thanh toán quốc tế /

Sách gồm các nội dung liên quan đến chuyên ngành kinh tế, lĩnh vực hối đoái và thanh toán quốc tế...

Αποθηκεύτηκε σε:
Λεπτομέρειες βιβλιογραφικής εγγραφής
Κύριος συγγραφέας: Lê Văn Tề, PGS. PTS.
Μορφή: Βιβλίο
Γλώσσα:Vietnamese
Έκδοση: Tp.HCM : Thống kê, 1999.
Θέματα:
Ετικέτες: Προσθήκη ετικέτας
Δεν υπάρχουν, Καταχωρήστε ετικέτα πρώτοι!
Thư viện lưu trữ: Mạng thư viện Đại học Đà Nẵng
LEADER 01028cam a2200361 i 4500
001 000043502
003 1475
005 20030915082116.0
008 010217b1999 vm 000 vie
020 |c 36000 
040 |a IRC  |c IRC  |d IRC 
041 0 |a vie 
082 1 4 |a 332.45  |b LÊ-T 
100 1 |a Lê Văn Tề,  |c PGS. PTS. 
245 0 0 |a Nghiệp vụ hối đoái và thanh toán quốc tế /  |c Lê Văn Tề. 
260 |a Tp.HCM :  |b Thống kê,  |c 1999. 
300 |a 381tr. ;  |c 20.5cm. 
520 3 |a Sách gồm các nội dung liên quan đến chuyên ngành kinh tế, lĩnh vực hối đoái và thanh toán quốc tế... 
630 0 4 |a Kinh tế. 
630 0 4 |a Tín dụng. 
630 0 4 |a Hối đoái. 
650 0 4 |a Thanh toán quốc tế. 
650 0 4 |a Hối đoái. 
OWN |a DUT 
999 |a From the UDN01 
TYP |a Monograph 
TYP |a Printed language 
980 |a Mạng thư viện Đại học Đà Nẵng